000 00581nam a22001937a 4500
999 _c125370
_d125370
005 20220107091555.0
008 220107b ||||| |||| 00| 0 eng d
020 _a0805369872
040 _cPK-LaUMT
082 _a612
_bSPE-H
100 _aSpence, Alexander P.
245 _aHuman anatomy and physiology /
_cby Alexander P. Spence and Elliott B. Mason; illustrations by Fran Milner
250 _a2nd ed.
260 _aMenlo Park :
_bThe Benjamin/Cummings Publishing Company,
_c1983
300 _a793 p.
650 _aHuman physiology
650 _aPhysiology
942 _cBK